00468nam a2200193 a 4500001001300000003000900013005001700022008004100039020002300080082001600103100001400119245001700133260004200150300000900192500003500201505001000236650001400246700001400260nice12345678IN_TiNIC20260116014604.0050524s2004 newa grp 000 0 eng  a8177555 c59500a320.58bBUH aBuhler, G aLaws of Manu aNew Delhi bCosmo Publications c2004 a339p aincludes index and biblioraphy2 aIndex aManu-Laws1 aBuhler, G